| 000 | 00627cam a2200241 a 4500 | ||
|---|---|---|---|
| 001 | 000004091 | ||
| 003 | DO-SdBNP | ||
| 005 | 20220215101402.0 | ||
| 007 | ta | ||
| 008 | 761220s1977 sp 000 f spa d | ||
| 020 | _a0440043182 | ||
| 040 |
_aDO-SdBNP _bspa _cBNPHU |
||
| 082 |
_a813.54 _bB118i |
||
| 100 | 1 |
_aBach, Richard, _b1936- _93225 |
|
| 245 | 1 | 0 |
_aIlusiones / _cRichard Bach. |
| 260 |
_aBarcelona : _bPomaire, _c1977. |
||
| 300 |
_a140 p. ; _c21 cm. |
||
| 590 | _aInventariado, 2022 / DG | ||
| 650 | 4 |
_aNovela estadounidense _9262 |
|
| 650 | 4 |
_aLiteratura estadounidense _9263 |
|
| 910 | _aDG | ||
| 942 |
_2ddc _cLBS1 |
||
| 999 |
_c3909 _d3909 |
||